[Event "FIDE Grand Swiss 2021"]
[Site "Riga"]
[Date "05.11.2021"]
[Round "9"]
[White "Sasikiran, Krishnan"]
[Black "Eljanov, Pavel"]
[Result "1-0"]
[WhiteElo "2640"]
[BlackElo "2691"]

1. e4 e5 2. Nf3 Nc6 3. Bb5 Nf6 4. O-O Nxe4 5. d4 Nd6 6. Bxc6 dxc6 7. dxe5
Nf5 8. Qxd8+ Kxd8 9. h3 Be7 10. Nc3 Nh4 11. Nxh4 Bxh4 12. Be3 h5 13. Rad1+
Ke8 14. f3 Be7 15. g4 a5 16. b3 Be6 17. Kg2 b5 18. Ne2 a4 19. Nf4 axb3 20.
axb3 Ra2 21. Rf2 hxg4 22. hxg4 Bc8 23. Rfd2 g6 24. Nd3 Ra8 25. Nc5 b4 26.
Ne4 Be6 27. Nf6+ Kf8 28. Bg5 Kg7 29. Kg3 Ra5 30. f4 Raa8 31. Rd7 Bd8 32.
Ne8+ Rxe8 33. Bxd8 1-0

[Event "FIDE Grand Swiss 2021"]
[Site "Riga"]
[Date "05.11.2021"]
[Round "9"]
[White "Kryvoruchko, Yuriy"]
[Black "Shevchenko, Kirill"]
[Result "1/2-1/2"]
[WhiteElo "2686"]
[BlackElo "2632"]

1. e4 c5 2. Nf3 Nc6 3. Bb5 g6 4. O-O Bg7 5. c3 Nf6 6. Re1 O-O 7. d4 d5 8.
e5 Ne4 9. Be3 cxd4 10. cxd4 Qb6 11. Bxc6 Qxc6 12. Nfd2 Be6 13. f3 Nxd2 14.
Qxd2 Rfc8 15. Nc3 Qa6 16. Ne2 Rc7 17. Nf4 Rac8 18. Rec1 f6 19. Rxc7 Rxc7
20. Re1 Rc8 21. Qb4 Bf7 22. e6 Bxe6 23. Nxe6 Qxe6 24. Bd2 Qc6 25. Rc1 Qe6
26. Rxc8+ Qxc8 27. Qxe7 Qc6 28. Bb4 h5 29. Kf2 Qc2+ 30. Qe2 Qxe2+ 31. Kxe2
1/2-1/2

[Event "FIDE Grand Swiss 2021"]
[Site "Riga"]
[Date "05.11.2021"]
[Round "9"]
[White "Sargissian, Gabriel"]
[Black "Sarana, Alexey"]
[Result "1-0"]
[WhiteElo "2664"]
[BlackElo "2649"]

1. d4 Nf6 2. c4 e6 3. Nf3 d5 4. Nc3 dxc4 5. e4 Bb4 6. Bxc4 Nxe4 7. O-O Nxc3
8. bxc3 Bd6 9. Re1 Nd7 10. Ne5 O-O 11. Qh5 Nf6 12. Qh3 Nd5 13. Bd3 f5 14.
Bc4 c5 15. Bxd5 exd5 16. Bf4 cxd4 17. cxd4 a5 18. Rac1 Ra6 19. Qb3 Be7 20.
Rxc8 Qxc8 21. Qxd5+ Qe6 22. Nc6 Qxd5 23. Nxe7+ Kf7 24. Nxd5 Re6 25. Rxe6
Kxe6 26. Nb6 1-0

[Event "FIDE Grand Swiss 2021"]
[Site "Riga"]
[Date "05.11.2021"]
[Round "9"]
[White "Nihal, Sarin"]
[Black "Deac, Bogdan-Daniel"]
[Result "1/2-1/2"]
[WhiteElo "2652"]
[BlackElo "2643"]

1. d4 Nf6 2. Bf4 d5 3. e3 c5 4. Nf3 Nc6 5. Nbd2 Nh5 6. Be5 e6 7. c4 cxd4 8.
cxd5 Qxd5 9. Bc4 Qd8 10. Bxd4 Nxd4 11. Nxd4 Nf6 12. O-O Be7 13. Qb3 O-O 14.
Rfd1 Bc5 15. Rac1 Qe7 16. N2f3 a6 17. h3 Bd6 18. Ng5 Kh8 19. Qd3 Bc7 20.
Bb3 Bb6 21. Ndf3 h6 22. Ne4 Rd8 23. Nd6 Bd7 24. Nc4 Bb5 25. Qb1 Bc7 26.
Nce5 Be8 27. Qc2 Rxd1+ 28. Rxd1 Rd8 29. Rxd8 Qxd8 30. Ba4 b5 31. Bb3 Qd6
32. a4 Kg8 33. axb5 axb5 34. Ba2 Nd7 35. Nxd7 Bxd7 36. Bb1 g6 37. Qe2 Bc6
38. e4 Qc5 39. Qd2 Kg7 40. b4 Qd6 41. Qxd6 Bxd6 42. Nd4 Bd7 43. Bd3 Bxb4
1/2-1/2

[Event "FIDE Grand Swiss 2021"]
[Site "Riga"]
[Date "05.11.2021"]
[Round "9"]
[White "Cori, Jorge"]
[Black "Esipenko, Andrey"]
[Result "0-1"]
[WhiteElo "2655"]
[BlackElo "2720"]

1. c4 e5 2. Nc3 Bb4 3. Nd5 Be7 4. Nf3 d6 5. e3 Nf6 6. Nxe7 Qxe7 7. d4 c5 8.
d5 e4 9. Nd2 Bf5 10. h3 h5 11. b3 Nbd7 12. Bb2 h4 13. a3 Ne5 14. b4 b6 15.
Qb3 Rh6 16. bxc5 bxc5 17. Rb1 Kf8 18. Bc3 Nfd7 19. Qb7 Qd8 20. Qa6 Kg8 21.
a4 Qf6 22. Rb3 Rg6 23. Rh2 Rh6 24. a5 Rh8 25. Be2 Kh7 26. Kd1 Bg6 27. Rh1
Qxf2 28. Qxd6 Qxg2 29. Rf1 Rhe8 30. Bxe5 Nxe5 31. Qxc5 Qxh3 32. Qd4 Qg2 33.
Rf4 Kg8 34. Bf1 Qh1 35. d6 Rad8 36. Rb7 Nd3 37. d7 Rf8 38. Qd6 Nxf4 39.
Qxf4 h3 40. c5 h2 41. c6 Qg1 42. c7 Rxd7 43. Rb8 Bh5+ 44. Ke1 Rxc7 0-1

[Event "FIDE Grand Swiss 2021"]
[Site "Riga"]
[Date "05.11.2021"]
[Round "9"]
[White "Volokitin, Andrei"]
[Black "Dubov, Daniil"]
[Result "0-1"]
[WhiteElo "2652"]
[BlackElo "2714"]

1. e4 e5 2. Nf3 Nc6 3. Bc4 Nf6 4. d3 Be7 5. O-O O-O 6. Re1 d6 7. a4 Be6 8.
a5 a6 9. Nbd2 Bxc4 10. Nxc4 Re8 11. Bg5 Nd7 12. Bd2 Nf6 13. Bg5 Nd7 14. Bd2
Nf6 15. c3 h6 16. Qb3 Rb8 17. Ne3 Bf8 18. Qa2 Ne7 19. b4 Ng6 20. Nd5 Nxd5
21. Qxd5 c6 22. Qb3 d5 23. Rad1 Qd7 24. Be3 Rbd8 25. Bb6 Rc8 26. Be3 Kh7
27. h4 Qg4 28. exd5 f5 29. Bd2 Bd6 30. dxc6 e4 31. dxe4 fxe4 32. Ng5+ hxg5
33. Bxg5 Rxc6 34. Re3 Bf4 35. Rh3 e3 36. f3 Qe6 37. Qc2 e2 38. Re1 Qe3+ 39.
Kh1 Rxc3 40. Bxf4 Rxc2 41. Bxe3 Rxe3 0-1

[Event "FIDE Grand Swiss 2021"]
[Site "Riga"]
[Date "05.11.2021"]
[Round "9"]
[White "Demchenko, Anton"]
[Black "Fedoseev, Vladimir"]
[Result "0-1"]
[WhiteElo "2651"]
[BlackElo "2704"]

1. e4 c6 2. d4 d5 3. e5 c5 4. Nf3 cxd4 5. Nxd4 Nc6 6. Nxc6 bxc6 7. Bd3 e6
8. O-O Ne7 9. Nd2 a5 10. Nf3 Ng6 11. Re1 Ba6 12. Bxa6 Rxa6 13. Qe2 Rb6 14.
Be3 Rxb2 15. Qa6 Bb4 16. c3 Be7 17. Qxc6+ Qd7 18. Qa8+ Bd8 19. Rab1 Rxb1
20. Rxb1 O-O 21. Bc5 Be7 22. Qxa5 Bxc5 23. Qxc5 Qa4 24. h3 Qxa2 25. Rb4 h6
26. h4 Qc2 27. Kh2 Qf5 28. Qd4 Ne7 29. Qc5 Ng6 30. Qd4 Rc8 31. c4 Rxc4 32.
Rxc4 dxc4 33. Qxc4 Nf4 34. Kg3 g5 35. hxg5 hxg5 36. Qc8+ Kg7 37. Qc4 Nh5+
38. Kh2 g4 39. Nd2 Qg5 40. Nf1 Qxe5+ 41. g3 f5 42. Ne3 Nf6 43. Ng2 Qd6 44.
Nf4 Kf7 45. Qa2 Qb6 46. Nd3 Ne4 47. Qa1 Qd8 48. Qa7+ Kg8 49. Ne5 Ng5 50.
Qe3 Qf6 51. Kg2 Qg7 52. Kf1 Kh7 53. Ke2 Kh6 54. Qd4 Qb7 55. Nd7 Kh7 56. Ne5
Qb8 57. Nd3 Qc7 58. Ne5 Kg8 59. Kf1 Nf3 60. Nxf3 gxf3 61. Qe3 Qc6 62. Ke1
Qd5 63. Qg5+ Kf7 64. Qh5+ Ke7 65. Qh4+ Ke8 66. Qa4+ Kf7 67. Kf1 Qd2 68.
Qa7+ Kg6 69. Qa1 Qh6 70. Kg1 Qh3 0-1

[Event "FIDE Grand Swiss 2021"]
[Site "Riga"]
[Date "05.11.2021"]
[Round "9"]
[White "Xiong, Jeffery"]
[Black "Ter-Sahakyan, Samvel"]
[Result "1/2-1/2"]
[WhiteElo "2700"]
[BlackElo "2607"]

1. e4 c5 2. Nf3 d6 3. Bb5+ Bd7 4. Bxd7+ Nxd7 5. O-O Ngf6 6. Qe2 e6 7. d4
cxd4 8. Nxd4 Qa5 9. Rd1 Rc8 10. c4 Qh5 11. f3 a6 12. Be3 Ne5 13. Nd2 Be7
14. Rac1 O-O 15. b4 Rc7 16. Kh1 h6 17. a4 Rfc8 18. N4b3 Nfd7 19. Qf1 Kh8
20. b5 Ra8 21. h3 Nf6 22. Bf4 Qh4 23. Bh2 Ned7 24. f4 Qh5 25. e5 dxe5 26.
fxe5 Ne8 27. a5 axb5 28. cxb5 Rxc1 29. Rxc1 Nxe5 30. g4 Qg5 31. Qg2 Nd3 32.
Qxb7 1/2-1/2

[Event "FIDE Grand Swiss 2021"]
[Site "Riga"]
[Date "05.11.2021"]
[Round "9"]
[White "Tari, Aryan"]
[Black "Artemiev, Vladislav"]
[Result "0-1"]
[WhiteElo "2646"]
[BlackElo "2699"]

1. e4 e5 2. Nf3 Nc6 3. Bb5 Nf6 4. d3 d6 5. O-O Bd7 6. Re1 g6 7. c3 Bg7 8.
h3 O-O 9. a4 Re8 10. Nbd2 h6 11. Bc4 Be6 12. a5 Bxc4 13. Nxc4 b5 14. axb6
axb6 15. Rxa8 Qxa8 16. Qb3 Nb8 17. Be3 Nbd7 18. Qb5 Bf8 19. Qb3 d5 20. Ncd2
Qc6 21. Qd1 b5 22. Qc1 Kh7 23. Qb1 b4 24. Rc1 Qb7 25. Qa2 bxc3 26. bxc3 Ra8
27. Qc2 Ra3 28. Nb1 Ra1 29. Nfd2 dxe4 30. dxe4 Bc5 31. Re1 Bxe3 32. Rxe3
Nc5 33. Kh2 c6 34. Re1 Qa7 35. Re3 Kg7 36. c4 Ra2 37. Qc3 Qb8 38. f3 Nh5
39. Qc1 Nf4 40. Ra3 Rb2 41. Qc3 Ne2 42. Qa5 Qd6 43. Re3 Nf4 44. g3 Qd4 45.
Qc3 Ncd3 0-1

[Event "FIDE Grand Swiss 2021"]
[Site "Riga"]
[Date "05.11.2021"]
[Round "9"]
[White "Navara, David"]
[Black "Keymer, Vincent"]
[Result "0-1"]
[WhiteElo "2691"]
[BlackElo "2630"]

1. d4 Nf6 2. c4 e6 3. Nf3 d5 4. Nc3 c5 5. e3 Nc6 6. a3 dxc4 7. Bxc4 a6 8.
O-O b5 9. Ba2 Bb7 10. Qe2 Qc7 11. d5 exd5 12. Nxd5 Nxd5 13. Bxd5 Be7 14. a4
Qb6 15. e4 O-O 16. Bf4 Nb4 17. a5 Qa7 18. Rfd1 Rae8 19. Bxb7 Qxb7 20. Ne5
Rd8 21. h4 Qc8 22. h5 h6 23. Ra3 Qe6 24. Rg3 Rxd1+ 25. Qxd1 Rd8 26. Qe2 c4
27. Ng4 Kh7 28. e5 Nd3 29. Bd2 Qf5 30. Ne3 Qxf2+ 31. Qxf2 Nxf2 32. Nf5 Rxd2
33. Rxg7+ Kh8 34. Rxf7 Bc5 35. Kh2 Ng4+ 36. Kh3 Nxe5 37. Rf6 Rxb2 38. Rxh6+
Kg8 39. Rxa6 c3 40. Ra8+ Kf7 41. Rc8 c2 42. Rxc5 Nc4 43. Nd6+ Ke6 44. Nxc4
c1=Q 45. Re5+ Kf6 46. Nxb2 Qc3+ 0-1

[Event "FIDE Grand Swiss 2021"]
[Site "Riga"]
[Date "05.11.2021"]
[Round "9"]
[White "Wojtaszek, Radoslaw"]
[Black "Niemann, Hans Moke"]
[Result "1/2-1/2"]
[WhiteElo "2691"]
[BlackElo "2638"]

1. d4 d5 2. c4 c6 3. Nf3 Nf6 4. Nc3 e6 5. e3 Nbd7 6. Bd3 dxc4 7. Bxc4 b5 8.
Bd3 Bb7 9. e4 b4 10. Na4 c5 11. e5 Nd5 12. O-O h6 13. Bd2 a6 14. Re1 cxd4
15. Rc1 Be7 16. Rc4 Rc8 17. Rxd4 Nc5 18. Nxc5 Bxc5 19. Rg4 Kf8 20. Qe2 a5
21. h4 g6 22. Rc1 Bb6 23. Rd1 Qd7 24. a3 Qe7 25. axb4 Nxb4 26. Bc4 Rd8 27.
b3 Rd7 28. Bb5 Rd8 29. Bc4 Rd7 30. Bb5 Rd8 31. Bc4 1/2-1/2

[Event "FIDE Grand Swiss 2021"]
[Site "Riga"]
[Date "05.11.2021"]
[Round "9"]
[White "Yilmaz, Mustafa"]
[Black "Grandelius, Nils"]
[Result "1/2-1/2"]
[WhiteElo "2626"]
[BlackElo "2662"]

1. d4 Nf6 2. c4 g6 3. Nc3 d5 4. Nf3 Bg7 5. Qb3 dxc4 6. Qxc4 O-O 7. e4 Bg4
8. Be3 Nfd7 9. Rd1 Nc6 10. Qb3 e5 11. dxe5 Ncxe5 12. Be2 Be6 13. Qxb7 Rb8
14. Qxa7 Ra8 15. Qb7 Rb8 16. Qa7 Ra8 17. Qb7 Rb8 18. Qa7 Ra8 19. Qb7 Rb8
1/2-1/2

[Event "FIDE Grand Swiss 2021"]
[Site "Riga"]
[Date "05.11.2021"]
[Round "9"]
[White "Ponkratov, Pavel"]
[Black "Kuzubov, Yuriy"]
[Result "0-1"]
[WhiteElo "2659"]
[BlackElo "2624"]

1. e4 e5 2. Nf3 Nf6 3. d4 Nxe4 4. Bd3 d5 5. Nxe5 Nd7 6. O-O Nxe5 7. dxe5
Nc5 8. Be3 Nxd3 9. Qxd3 b6 10. Nc3 c6 11. Ne2 Qc7 12. f4 Bb7 13. c4 O-O-O
14. Rac1 Ba6 15. b3 Ba3 16. Rc2 c5 17. Ng3 g6 18. Bf2 Rhe8 19. Nh1 dxc4 20.
Qe2 Qd7 21. bxc4 Qd3 22. Ng3 f5 23. Be1 Qxe2 24. Nxe2 Rd3 25. Nc3 Bxc4 26.
Nb1 Bb5 27. Bc3 Ba4 28. Rcf2 c4 29. Nxa3 Rxc3 30. Nb1 Rd3 31. Rc1 Kb7 32.
Rb2 Rc8 33. Nc3 Bd7 34. Re2 Be6 35. Nb5 Rc5 36. a4 c3 37. Rec2 a6 38. Nd6+
Kc6 39. Kf2 Bb3 40. Re2 Rd2 0-1

[Event "FIDE Grand Swiss 2021"]
[Site "Riga"]
[Date "05.11.2021"]
[Round "9"]
[White "Pichot, Alan"]
[Black "Aronian, Levon"]
[Result "0-1"]
[WhiteElo "2628"]
[BlackElo "2782"]

1. e4 e5 2. Nf3 Nc6 3. Bb5 a6 4. Ba4 Nf6 5. O-O Bc5 6. c3 b5 7. Bb3 d6 8.
a4 Bb7 9. d4 Bb6 10. Re1 O-O 11. Bg5 h6 12. Bh4 exd4 13. cxd4 g5 14. Nxg5
hxg5 15. Bxg5 Nxd4 16. Bd5 c6 17. Ra3 Re8 18. Ba2 Re5 19. Rg3 Kf8 20. Nd2
Rxg5 21. Rxg5 c5 22. Bb1 c4 23. h4 Ne6 24. Rf5 Ng7 25. Rg5 Nh7 26. Rg3 Qf6
27. Nf3 Qf4 28. Nd4 Qe5 29. Ne2 Nh5 30. Rf3 Bc8 31. Qd5 Qxd5 32. exd5 N7f6
33. Bf5 Ng4 34. Bxc8 Rxc8 35. Nc3 b4 36. Ne4 Re8 37. Rxf7+ Kxf7 38. Nxd6+
Kg6 39. Rxe8 Bxf2+ 40. Kh1 Ng3# 0-1

[Event "FIDE Grand Swiss 2021"]
[Site "Riga"]
[Date "05.11.2021"]
[Round "9"]
[White "Donchenko, Alexander"]
[Black "Hovhannisyan, Robert"]
[Result "1/2-1/2"]
[WhiteElo "2648"]
[BlackElo "2622"]

1. d4 d5 2. c4 c6 3. Nf3 Nf6 4. e3 Bg4 5. h3 Bh5 6. cxd5 cxd5 7. Nc3 e6 8.
Qb3 Bxf3 9. Qxb7 Bxg2 10. Bxg2 Nbd7 11. O-O Be7 12. e4 Rb8 13. Qxa7 Ra8 14.
Qb7 Rb8 15. Qa6 dxe4 16. a4 O-O 17. Qe2 e5 18. dxe5 Nxe5 19. Nxe4 Nd3 20.
a5 Nxc1 21. Rfxc1 Nxe4 22. Qxe4 Rxb2 23. a6 Bh4 24. a7 Bxf2+ 25. Kh1 Bxa7
26. Rxa7 Rd2 27. Qg4 Rd4 28. Qe2 g6 29. Rf1 Rd7 30. Ra2 Re7 31. Qc4 Qc7 32.
Qh4 Qe5 33. Raf2 Rc7 34. Qa4 Re7 35. Qc4 Qe6 36. Qb5 Qe3 37. Rf4 Qe2 38.
Qb4 Qe3 39. R4f3 Qe5 40. Qa3 Qe2 41. R1f2 Qe6 42. Rf6 Qe1+ 43. Rf1 Qe3 44.
Qb4 Qe5 45. R6f4 Qe3 46. R4f3 Qe5 47. Qa3 Qe2 48. R1f2 Qe6 49. Bf1 Rb7 50.
Re3 Qc6+ 51. Kg1 Rc7 52. Ref3 Qb6 53. Rf6 Qc5 54. Qg3 Re7 55. h4 Qe5 56.
Qg4 Qc5 57. Bc4 Kg7 58. Rf5 Re5 59. Rf4 Re1+ 60. Kh2 Re7 61. Qf3 Qe3 62.
Qc6 Qe5 63. Kg2 f5 64. Qf3 Qf6 65. Qg3 Re5 66. Rd4 Rfe8 67. Bd5 Re2 68. Rb4
Qe5 69. Qxe5+ R8xe5 70. Rb7+ Kh6 71. Rxe2 Rxe2+ 72. Kf3 Rh2 73. Kg3 Rd2 74.
Bg8 Rd3+ 75. Kf2 Kh5 76. Bc4 Rd2+ 77. Ke3 Rh2 78. Rxh7+ Kg4 79. Be2+ Kg3
80. Rh6 f4+ 81. Kd3 f3 82. Rxg6+ Kf4 83. Rf6+ Ke5 84. Rxf3 Rxh4 85. Rf8
Rd4+ 86. Kc3 Rd6 87. Bc4 Ke4 88. Re8+ Kf5 89. Bd3+ Kf4 90. Be4 Rd7 91. Kc4
Ra7 92. Bd5 Ra4+ 93. Kc5 Ra1 94. Kd6 Ra6+ 95. Bc6 Ra5 96. Re4+ Kf5 97. Re3
Kf4 98. Rf3+ Kg5 99. Bd5 Kg4 100. Rf7 Kg5 101. Ke5 Rb5 102. Rg7+ Kh5 103.
Rg2 Ra5 104. Rg1 Rb5 105. Kd4 Kh6 106. Be4 Rg5 107. Rf1 Ra5 108. Ke3 Kg5
109. Rg1+ Kf6 110. Kf4 Ra2 111. Rg6+ Ke7 112. Bf5 Rf2+ 113. Kg5 Re2 114.
Ra6 Re1 115. Bg4 Re5+ 116. Kf4 Re1 117. Rb6 Rf1+ 118. Ke5 Re1+ 119. Kd5 Re3
120. Bf5 Re1 121. Be4 Rd1+ 122. Ke5 Re1 123. Rb7+ Ke8 124. Kd5 Kf8 125. Bf5
Re7 126. Rb1 Re2 127. Bg4 Re3 128. Be6 Ke7 129. Rh1 Rd3+ 130. Ke4 Rd2 131.
Bc4 Kd6 132. Bd5 Rxd5 1/2-1/2

[Event "FIDE Grand Swiss 2021"]
[Site "Riga"]
[Date "05.11.2021"]
[Round "9"]
[White "Swiercz, Dariusz"]
[Black "Brkic, Ante"]
[Result "1-0"]
[WhiteElo "2647"]
[BlackElo "2621"]

1. d4 Nf6 2. c4 e6 3. g3 d5 4. Bg2 Bb4+ 5. Nd2 O-O 6. Nf3 b6 7. O-O Bb7 8.
b3 Re8 9. Bb2 Nbd7 10. Rc1 Rc8 11. e3 c5 12. cxd5 Bxd5 13. Nc4 cxd4 14.
Qxd4 Bc5 15. Qd3 Qe7 16. Rfd1 Red8 17. Qe2 h6 18. Nfe5 Nxe5 19. Nxe5 Ne4
20. Nd3 Ba3 21. Rxc8 Rxc8 22. Nf4 Bb7 23. Bxe4 Bxe4 24. Qa6 Rd8 25. Rxd8+
Qxd8 26. Bxa3 g5 27. Ng2 Qd2 28. Qc8+ Kh7 29. Qc1 Qe2 30. Ne1 g4 31. Bb2 h5
32. a3 Kg6 33. Bc3 Kf5 34. Qd2 Qxd2 35. Bxd2 Bd5 36. b4 e5 37. a4 f6 38. a5
b5 39. Nd3 Ke4 40. Nc5+ Kf3 41. Kf1 1-0

[Event "FIDE Grand Swiss 2021"]
[Site "Riga"]
[Date "05.11.2021"]
[Round "9"]
[White "Abdusattorov, Nodirbek"]
[Black "Kollars, Dmitrij"]
[Result "1-0"]
[WhiteElo "2646"]
[BlackElo "2621"]

1. c4 e5 2. g3 c6 3. d4 e4 4. d5 Bb4+ 5. Bd2 Qe7 6. e3 Nf6 7. Bg2 Na6 8.
Ne2 cxd5 9. cxd5 Nxd5 10. Nbc3 Nf6 11. Nf4 O-O 12. O-O Qe5 13. Qb3 d5 14.
a3 Bc5 15. Nfxd5 Nxd5 16. Qxd5 Qxd5 17. Nxd5 f5 18. Bc3 Be6 19. Nf4 Bb3 20.
g4 fxg4 21. Bxe4 Rf7 22. Nd3 Re8 23. Bg2 Bd6 24. Bd4 b6 25. Rac1 Rc7 26.
Rc6 Rxc6 27. Bxc6 Re7 28. Rc1 Nc7 29. Rc3 Bf7 30. Kg2 h5 31. e4 Ne6 32. Be3
Rc7 33. Rc1 g5 34. e5 Bc5 35. Nxc5 Rxc6 36. Nxe6 Rxc1 37. Bxc1 Bxe6 38.
Bxg5 Kf7 39. Kg3 b5 40. b4 Bd7 41. Be3 a6 42. Kf4 Ke6 43. Ke4 Be8 44. Kd4
h4 45. Bg5 h3 46. Bf4 Bd7 47. Kc5 Be8 48. Kb6 Kd5 49. Kxa6 Ke4 50. Bg3 Kd5
51. Kb7 Bd7 52. Kb6 Be8 53. Kc7 Ke6 54. Kb6 Kd5 55. Kb7 Bd7 56. Kc7 Ke6 57.
Bh4 Be8 58. Bf6 Bd7 59. Bh8 Be8 60. Kb6 Kd5 61. Bg7 Bd7 62. Kc7 Ke6 63. Bf8
Be8 64. Bd6 Bd7 65. Bc5 Be8 66. Bd4 Bd7 67. Ba1 Be8 68. Kb6 Kd5 69. Ka6 Kc4
70. e6 Kd5 71. e7 Ke6 72. a4 bxa4 73. b5 Kxe7 74. b6 Bc6 75. b7 Bxb7+ 76.
Kxb7 Ke6 77. Kc6 Kf5 78. Kb5 a3 79. Kb4 a2 80. Kb3 1-0

[Event "FIDE Grand Swiss 2021"]
[Site "Riga"]
[Date "05.11.2021"]
[Round "9"]
[White "Saric, Ivan"]
[Black "Praggnanandhaa, R"]
[Result "1-0"]
[WhiteElo "2644"]
[BlackElo "2618"]

1. e4 e5 2. Nf3 Nc6 3. Bb5 a6 4. Ba4 Bc5 5. c3 Nge7 6. d4 exd4 7. cxd4 Bb4+
8. Bd2 Bxd2+ 9. Qxd2 d5 10. exd5 Nxd5 11. Bxc6+ bxc6 12. O-O O-O 13. Rc1
Ne7 14. Rc5 Re8 15. Nc3 f6 16. Re1 Bg4 17. Nh4 Qd7 18. h3 Be6 19. Re3 Nd5
20. Rg3 Kh8 21. Nf3 Nxc3 22. Qxc3 Bd5 23. Qd3 Re4 24. Rc1 Rae8 25. Nd2 Re2
26. Nc4 Bxc4 27. Qxc4 h6 28. b4 Qd6 29. Rf1 Rb2 30. a3 Ree2 31. Qxa6 Qxd4
32. Qc8+ Kh7 33. Qf5+ Kg8 34. Rd3 Qe5 35. Rd8+ Kf7 36. Rd7+ Ke8 37. Qxe5+
fxe5 38. Rxg7 e4 39. Rxc7 e3 40. Rxc6 exf2+ 41. Kh2 Re1 42. Rc1 Re3 43. a4
Rxb4 44. Rxf2 Rxa4 45. Rc8+ Ke7 46. Rc7+ Kd6 47. Rh7 Re6 48. Rb2 Kc6 49.
Rbb7 Kd5 50. Rb5+ Ke4 51. Rh5 Raa6 52. Rb7 Rg6 53. Rb4+ Ke3 54. Re5+ Kd3
55. Rf5 Ra2 56. Rf3+ Ke2 57. Rb5 Rd2 58. Rb1 h5 59. Kg1 Rgd6 60. Rb5 Rd1+
61. Kh2 R1d5 62. Rb2+ Rd2 63. Rxd2+ Kxd2 64. Kg3 Rg6+ 65. Kf2 Rg5 66. Rf4
Kd3 67. g4 Re5 68. Kg3 Ke3 69. Rf5 Ke4 70. Rxe5+ Kxe5 71. Kh4 hxg4 72. hxg4
Kf6 73. Kh5 Kf7 74. Kh6 1-0

[Event "FIDE Grand Swiss 2021"]
[Site "Riga"]
[Date "05.11.2021"]
[Round "9"]
[White "Bluebaum, Matthias"]
[Black "Jobava, Baadur"]
[Result "1-0"]
[WhiteElo "2640"]
[BlackElo "2582"]

1. d4 d5 2. c4 c6 3. Nf3 Nf6 4. Nc3 dxc4 5. a4 h6 6. e4 Bg4 7. Be3 e6 8.
Qc2 Bh5 9. Ne5 Nbd7 10. Nxc4 Be7 11. h3 Bg6 12. Bd3 O-O 13. O-O Re8 14.
Rad1 Nf8 15. a5 Rc8 16. Bf4 Nh5 17. Bh2 Qxd4 18. Be5 Qd8 19. Be2 Nd7 20.
Rxd7 Qxd7 21. Rd1 Qd5 22. Rxd5 cxd5 23. Nd2 Nf6 24. Qa4 Red8 25. a6 bxa6
26. Bxa6 Rc5 27. Nb3 dxe4 28. Nxc5 Bxc5 29. Qc6 Bf8 30. Bf4 Kh7 31. Be3 Rb8
32. Bb7 a5 33. Qc7 Bd6 34. Qxd6 Rxb7 35. Bb6 Rd7 36. Qa3 Rd2 37. Be3 Rd3
38. Qxa5 Nd7 39. Qc7 e5 40. Na4 f5 1-0

[Event "FIDE Grand Swiss 2021"]
[Site "Riga"]
[Date "05.11.2021"]
[Round "9"]
[White "Yakubboev, Nodirbek"]
[Black "Chigaev, Maksim"]
[Result "1/2-1/2"]
[WhiteElo "2621"]
[BlackElo "2639"]

1. d4 Nf6 2. c4 g6 3. f3 d5 4. cxd5 Nxd5 5. e4 Nb6 6. Nc3 Bg7 7. Be3 O-O 8.
Qd2 Nc6 9. O-O-O f5 10. h4 fxe4 11. h5 gxh5 12. d5 Ne5 13. Bh6 Bxh6 14.
Qxh6 Qd6 15. Qg5+ Ng6 16. Qxh5 Rf7 17. Nxe4 Qf4+ 18. Kb1 Bf5 19. Nh3 Qe5
20. Ng5 Rg7 21. Ne6 Na4 22. Rd2 Nf4 23. Nxf4 Qxf4 24. Rc2 Rf8 25. Bd3 Nb6
26. Nc5 Rg5 27. Qh4 Qxh4 28. Rxh4 Bxd3 29. Nxd3 Nxd5 30. Nc5 Ne3 31. Ne6
Re5 32. Nxf8 Nxc2 33. Kxc2 Kxf8 34. Kd3 Kg7 35. Rb4 b6 36. Ra4 a5 37. Rc4
c5 38. a4 h5 39. Rh4 Kg6 40. g4 hxg4 41. Rxg4+ Kf5 42. Rh4 e6 43. Rh8 Rd5+
44. Kc3 Kf4 45. Re8 e5 46. Rf8+ Ke3 47. Rf5 Ke2 48. Kc2 Rd2+ 49. Kb1 Rd5
50. Kc2 Ke3 51. Kc3 Rd3+ 52. Kc2 Rd2+ 53. Kc3 Rd5 54. Kc2 Ke2 55. b3 Rd2+
56. Kc1 Rd1+ 57. Kb2 Rd5 58. Kc2 Rd2+ 59. Kc1 Kd3 60. Rxe5 Rf2 61. Kb1 Kc3
62. Re3+ Kb4 63. Kc1 Ka3 64. Rc3 Re2 65. Rd3 Kb4 66. Kb1 b5 67. axb5 Kxb5
68. Rc3 Rf2 69. Rc4 Rxf3 70. Kb2 Rd3 71. Rf4 Re3 1/2-1/2

[Event "FIDE Grand Swiss 2021"]
[Site "Riga"]
[Date "05.11.2021"]
[Round "9"]
[White "Antipov, Mikhail Al."]
[Black "Tabatabaei, M. Amin"]
[Result "1-0"]
[WhiteElo "2619"]
[BlackElo "2639"]

1. e4 c5 2. Nf3 d6 3. d4 cxd4 4. Nxd4 Nf6 5. Nc3 a6 6. Be3 e5 7. Nb3 Be6 8.
f3 h5 9. Nd5 Bxd5 10. exd5 Nbd7 11. Qd2 g6 12. Be2 Qc7 13. c4 a5 14. Rc1 a4
15. Na1 Qa5 16. Qxa5 Rxa5 17. Bd2 Ra8 18. Bb4 Bh6 19. Rd1 Ke7 20. Nc2 Rac8
21. Kf2 h4 22. Na3 Nc5 23. Nb5 Nfd7 24. Ba5 Ra8 25. Bb4 f5 26. Bd3 Rhc8 27.
Bb1 Nb6 28. b3 axb3 29. axb3 Ra1 30. Bxc5 Rxc5 31. g4 Rxb5 32. cxb5 Kf6 33.
gxf5 gxf5 34. Rhg1 Bf4 35. Rg8 Bxh2 36. Rf8+ Ke7 37. Rb8 Nxd5 38. Rxb7+ Kf6
39. b6 Bg3+ 40. Kg1 e4 41. fxe4 Nc3 42. Rf1 h3 43. Bd3 Ra2 44. Rxf5+ Ke6
45. Rh7 Rg2+ 46. Kf1 Rh2 47. Bc4+ d5 48. Bxd5+ Kd6 49. Rh6+ Kc5 50. Rc6+
Kb4 51. Rxc3 Rh1+ 52. Ke2 Kxc3 53. Rf3+ Kd4 54. Rxg3 h2 55. Rh3 Rc1 56. b7
Rc2+ 57. Kd1 Rc3 58. Rxh2 1-0

[Event "FIDE Grand Swiss 2021"]
[Site "Riga"]
[Date "05.11.2021"]
[Round "9"]
[White "Ponomariov, Ruslan"]
[Black "Indjic, Aleksandar"]
[Result "1/2-1/2"]
[WhiteElo "2631"]
[BlackElo "2612"]

1. e4 e5 2. Nf3 Nc6 3. Bb5 a6 4. Ba4 Bc5 5. c3 Nge7 6. O-O Ng6 7. d4 Ba7 8.
Re1 O-O 9. h3 d6 10. Be3 h6 11. Nbd2 exd4 12. cxd4 Nce7 13. d5 Bxe3 14.
Rxe3 f5 15. Rc1 Nf4 16. Bb3 Kh8 17. Qc2 fxe4 18. Qxe4 Neg6 19. Nd4 c6 20.
N2f3 c5 21. Ne6 Bxe6 22. dxe6 d5 23. e7 dxe4 24. exd8=Q Raxd8 25. Rxe4 Nd3
26. Rc3 b5 27. Bc2 Ngf4 28. Bxd3 Nxd3 29. b3 Rd5 30. Re3 Rfd8 31. g3 Nb4
32. a3 Rd1+ 33. Re1 R1d3 34. Re3 Rxc3 35. Rxc3 Rd1+ 36. Kg2 Nd3 37. Rc2 Rb1
38. Rc3 Rd1 39. Rc2 Ra1 40. Rc3 c4 1/2-1/2

[Event "FIDE Grand Swiss 2021"]
[Site "Riga"]
[Date "05.11.2021"]
[Round "9"]
[White "Sadhwani, Raunak"]
[Black "Dreev, Aleksey"]
[Result "1-0"]
[WhiteElo "2609"]
[BlackElo "2635"]

1. c4 e6 2. g3 d5 3. Bg2 Nf6 4. Nf3 dxc4 5. Qa4+ Bd7 6. Qxc4 c5 7. Ne5 Qc8
8. Qd3 Nc6 9. Nxd7 Nxd7 10. Nc3 Be7 11. b3 O-O 12. O-O Rd8 13. Rd1 Nf6 14.
Qc2 Nd4 15. Qb1 Qd7 16. Bb2 Rac8 17. e3 Nc6 18. d3 Nd5 19. Ne4 f5 20. Nc3
Bf6 21. Nxd5 Bxb2 22. Qxb2 exd5 23. a3 a5 24. Rac1 Qd6 25. d4 cxd4 26. exd4
Ne7 27. Rxc8 Rxc8 28. Qe2 Kf7 29. Re1 g6 30. h4 h5 31. Qb5 b6 32. Re5 Rd8
33. Qe2 Qxa3 34. Re6 Qc1+ 35. Kh2 Qc7 36. Bf3 f4 37. g4 hxg4 38. Bxg4 Rh8
39. Kh3 Rh7 40. Re5 Qd8 41. Qf3 Nf5 42. h5 Kf8 43. Rxd5 Qh4+ 44. Kg2 Qg5
45. Kf1 Rf7 46. hxg6 Qxg6 47. Bh5 Ne3+ 48. fxe3 Qd3+ 49. Kg2 Rg7+ 50. Bg4
Rxg4+ 51. Qxg4 Qd2+ 52. Kh3 Qxe3+ 53. Kh4 Qe1+ 54. Kg5 1-0